banner koha

Ensaios de adubacao mineral e espacamento e densidade de semeio com a cultura do milho (Zea mays L.)no Maranhao (Brasil) (Registro n. 263881)

MARC details
000 -LÍDER
campo de controle de tamanho fixo 01259nac a22003617a 4500
001 - NÚMERO DE CONTROLE
campo de controle BR7200884
003 - IDENTIFICADOR DO NÚMERO DE CONTROLE
campo de controle BR-BrBNA
005 - DATA E HORÁRIO DA ÚLTIMA TRANSAÇÃO
campo de controle 20240105113450.0
008 - CAMPO DE DADOS FIXOS--INFORMAÇÃO GERAL
campo de controle de tamanho fixo 230509b bl.|||m| |||| 00| 0 por d
040 ## - FONTE DA CATALOGAÇÃO
Instituição da catalogação original BR-BrBNA
Idioma da catalogação por
Instituição que transcreveu o registro Biblioteca Nacional de Agricultura
072 ## - CÓDIGO DE CATEGORIA DE ASSUNTO
Código de Categoria de Assunto F25; F00
090 ## - NÚMERO DE CHAMADA LOCAL
Número de chamada 0120 BR7200884
100 1# - ENTRADA PRINCIPAL--NOME PESSOAL
Nome pessoal Maia, J.R.S.
100 1# - ENTRADA PRINCIPAL--NOME PESSOAL
Nome pessoal Monteiro, J.R.A.
100 1# - ENTRADA PRINCIPAL--NOME PESSOAL
Nome pessoal Oliveira, A.L.
110 1# - ENTRADA PRINCIPAL--NOME CORPORATIVO
Nome corporativo ou nome da jurisdição Secretaria da Agricultura do Maranhao, Sao Luis (Brasil). Depto. de Pesquisas e Experimentacao
9 (RLIN) 8260
245 1# - TÍTULO
Título Ensaios de adubacao mineral e espacamento e densidade de semeio com a cultura do milho (Zea mays L.)no Maranhao (Brasil)
260 3# - PUBLICAÇÃO, DISTRIBUIÇÃO, ETC.
Local de publicação, distribuição, etc. Sao Luis, MA (Brasil):
Data da publicação, distribuição, etc. 1972.
300 ## - DESCRIÇÃO FÍSICA
Extensão 32 p.
490 ## - TÍTULO DA SÉRIE
Título da série Boletim Tecnico. Serie Culturas Alimentares - Secretaria da Agricultura do Maranhao. Depto. de Pesquisas e Experimentacao (Brazil)
Número do volume ou designação sequencial da série no. 1
ISSN - International Standard Serial Number
500 ## - NOTA GERAL
Nota geral Numerical data
650 ## - ASSUNTO--TERMO TÓPICO
Cabeçalho tópico ou nome geográfico ESPACAMENTO
650 ## - ASSUNTO--TERMO TÓPICO
Cabeçalho tópico ou nome geográfico SEMEADURA
650 ## - ASSUNTO--TERMO TÓPICO
Cabeçalho tópico ou nome geográfico ADUBACAO
650 ## - ASSUNTO--TERMO TÓPICO
Cabeçalho tópico ou nome geográfico MILHO
650 ## - ASSUNTO--TERMO TÓPICO
Cabeçalho tópico ou nome geográfico RENDIMENTO
650 ## - ASSUNTO--TERMO TÓPICO
Cabeçalho tópico ou nome geográfico FERTILIZANTE POTASSICO
650 ## - ASSUNTO--TERMO TÓPICO
Cabeçalho tópico ou nome geográfico FERTILIZANTE NITROGENADO
650 ## - ASSUNTO--TERMO TÓPICO
Cabeçalho tópico ou nome geográfico FERTILIZANTE FOSFATADO
650 ## - ASSUNTO--TERMO TÓPICO
Cabeçalho tópico ou nome geográfico MARANHAO
909 ## -
-- 202312
-- Lúcia Elande
-- 55
-- Lúcia Elande
942 ## - ELEMENTOS DE ENTRADA ADICIONADOS (KOHA)
Fonte da classificação ou esquema de arquivamento na estante Classificação AGRIS
Ocultar no OPAC Não
Tipo de material Koha Monografia Seriada
Exemplares
Situação do descarte Fonte da classificação ou esquema de arquivamento na estante Situação física Não pode ser emprestado Coleção Biblioteca de origem Biblioteca atual Localização na estante Total de empréstimos Número de telefone completo Código de barras Data de último acesso Tipo de material Koha Fonte de aquisição
  Classificação AGRIS       Biblioteca Nacional de Agricultura - Binagri Biblioteca Nacional de Agricultura - Binagri Agrobase - Acervo Geral   0120 BR7200884 0120 BR7200884 18/12/2023 Monografia Seriada Portaria Interministerial nº 164/94

BINAGRI

Telefone: (61)3218-2567/2388/3357/2097 - binagri@agro.gov.br

Ministério da Agricultura e Pecuária , Esplanada dos Ministérios, Bloco D, Anexo B, Brasília/DF, CEP: 70.043-900